Fluid mechanics, thermodynamics of turbomachinery (Record no. 20648)

000 -LEADER
fixed length control field 00585nam a2200205Ia 4500
001 - CONTROL NUMBER
control field 20648
003 - CONTROL NUMBER IDENTIFIER
control field BD-DhUET
008 - FIXED-LENGTH DATA ELEMENTS--GENERAL INFORMATION
fixed length control field 740813s1998 enka sb 000 0 eng d
040 ## - CATALOGING SOURCE
Original cataloging agency CaPaEBR
Transcribing agency CaPaEBR
Modifying agency BD-DhUET
082 ## - DEWEY DECIMAL CLASSIFICATION NUMBER
Classification number 621
Item number DIX/1966
100 1# - MAIN ENTRY--PERSONAL NAME
Personal name Dixon, S. L.
245 10 - TITLE STATEMENT
Title Fluid mechanics, thermodynamics of turbomachinery
Statement of responsibility, etc. by S. L. Dixon
250 ## - EDITION STATEMENT
Edition statement 1st ed.
260 ## - PUBLICATION, DISTRIBUTION, ETC. (IMPRINT)
Place of publication, distribution, etc. Oxford
Name of publisher, distributor, etc. Pergamon Press
Date of publication, distribution, etc. 1998
300 ## - PHYSICAL DESCRIPTION
Extent xxii, 390 p.
Other physical details ill.
490 1# - SERIES STATEMENT
Series statement Thermodynamics and fluid mechanics series
504 ## - BIBLIOGRAPHY, ETC. NOTE
Bibliography, etc Includes bibliographies
650 #0 - SUBJECT ADDED ENTRY--TOPICAL TERM
Topical term or geographic name as entry element Turbomachines
942 ## - ADDED ENTRY ELEMENTS (KOHA)
Koha item type General Book
Holdings
Source of classification or shelving scheme Shelving location Damaged status Price effective from Koha item type Piece designation (barcode) Sublocation or collection (holding branch) Location (home branch) Copy number Koha date last seen Koha normalized classification for sorting Not for loan Withdrawn status Lost status Koha full call number Date acquired
 Circulation section 2015-04-12General Book16841Central Library, BUETCentral Library, BUET12015-04-12621_000000000000000_DIX_1966   621/DIX/19662015-04-12
 Circulation section 2015-04-12General Book16842Central Library, BUETCentral Library, BUET22015-04-12621_000000000000000_DIX_1966   621/DIX/19662015-04-12